Flags of the Main Participants of WWII - Statistics

General Stats
  • This quiz has been taken 44 times
    29 since last reset
  • The average score is 5 of 7
Answer Stats
Question Answer % Correct
Flag of the United States during WWII
100%
Flag of the Soviet Union during WWII
93%
Flag of the United Kingdom during WWII
86%
Flag of China during WWII
86%
Flag of Italy during WWII
79%
Flag of Germany during WWII
79%
Flag of Japan during WWII
21%
No matching quizzes found
Score Distribution
Percent of People with Each Score
Percentile by Number Answered
Your Score History
You have not taken this quiz since the last reset